Countries that produce most greenhouse gases - Statistics

General Stats
  • This quiz has been taken 36 times
  • The average score is 15 of 16
Answer Stats
rank CO2 emissions (total) Country % Correct
14 0.45GT Brazil
100%
1 10.06GT China
100%
3 2.65GT India
100%
2 5.41GT USA
100%
11 0.56GT Canada
96%
6 0.75GT Germany
96%
12 0.47GT Mexico
96%
10 0.61GT Indonesia
93%
5 1.16GT Japan
93%
4 1.71GT Russia
93%
16 0.42GT Australia
89%
7 0.72GT Iran
86%
9 0.62GT Saudi Arabia
79%
8 0.65GT South Korea
79%
15 0.42GT Turkey
79%
13 0.46GT South Africa
71%
No matching quizzes found
Score Distribution
Percent of People with Each Score
Percentile by Number Answered
Your Score History
You have not taken this quiz